000 00272nam a2200121Ia 4500
008 190216s9999||||xx |||||||||||||| ||und||
100 _aRichard Gordon
245 0 _aDoctor In The Swim
260 _bPenguin Books
_c1962
300 _a218p
650 _aNovel
942 _cBK
999 _c12828
_d12828